000 00335cam a22001217a 4500
008 180718b1944 xxu||||| |||| 00| 0 eng d
082 _aA99 G59
100 _aGooch, G.P.
245 _aCourts and Cabinets
_cby G.P. Gooch
260 _aLondon
_bLongmans
_c1944
300 _a323p
650 _aCourts and courtiers.Europe -Kings and rulers.
999 _c415025
_d415025